00497nam a2200145 a 450000100100000000500170001000800410002704000250006810000300009324500480012326000350017130000220020695201060022899900170033400003809620201002031156.0130313s2004 dr 000 0 spa d aDO-SdBNPbspacBNPHU1 aDe la Rosa, Rafael96448110aRelatos de un neofito /cRafael de la Rosa. a[s. n.] :b[s. l.] ,c[s. f.]. a86 p. : ;c20 cm. 00107-18PDaPDbPDcOId2013-03-13iLF1l0o p38096-10r2020-06-25w2020-06-25yLFPDZNo se presta c37586d37586